Reprezentacje, które wyeliminowały gospodarzy Mistrzostw Świata FIFA - Statystyki

Ogólne statystyki
  • Ten quiz został rozwiązany 100 razy
  • Średni wynik to 8 z 14
Statystyki odpowiedzi
Rok Gospodarz Eliminator % Poprawnych
2014 Brazylia Niemcy
87%
2006 Niemcy Włochy
79%
1938 Francja Włochy
72%
2018 Rosja Chorwacja
71%
2002 Korea Południowa Niemcy
71%
1950 Brazylia Urugwaj
64%
1990 Włochy Argentyna
59%
1958 Szwecja Brazylia
57%
1994 Stany Zjednoczone Brazylia
52%
1962 Chile Brazylia
47%
1986 Meksyk RFN
41%
1970 Meksyk Włochy
41%
2002 Japonia Turcja
40%
1954 Szwajcaria Austria
31%
Nie znaleziono quizów pasujących do podanych kryteriów
Rozkład punktacji
Procent ludzi z każdym wynikiem
Percentyl według liczby udzielonych odpowiedzi
Twoja historia wyników
Nie rozwiązałeś tego quizu